[Event "Imola op2nd"]
[Site "Imola"]
[Date "2019.12.07"]
[Round "2"]
[White "Tomba, Ivan"]
[Black "Maselli, Daniel"]
[Result "1-0"]
[WhiteElo "2339"]
[BlackElo "2001"]
[PlyCount "47"]
[EventDate "2019.12.06"]
[EventType "swiss"]
[EventRounds "5"]
[EventCountry "ITA"]
[SourceTitle "CBM 193 Extra"]
[Source "ChessBase"]
[SourceDate "2020.01.31"]
[SourceVersion "1"]
[SourceVersionDate "2020.01.31"]
[SourceQuality "1"]

1. e4 c6 2. d4 d5 3. Nc3 dxe4 4. Nxe4 Bf5 5. Ng3 Bg6 6. Nf3 Nd7 7. h4 h6 8. h5 Bh7 9. Bd3 Bxd3 10. Qxd3 Ngf6 11. Bd2 Qc7 12. 0-0-0 e6 13. Ne4 0-0-0 14. g3 Nxe4 15. Qxe4 Nf6 16. Qe2 Bd6 17. Kb1 Qb6 18. c4 c5 19. Bc3 cxd4 20. Nxd4 Bb4 21. c5 Bxc5 22. Nb3 Rxd1+ 23. Rxd1 Qc6 24. Bxf6 1-0

[Event "ITA-ch U20 sf"]
[Site "Alessandria"]
[Date "2018.07.22"]
[Round "2.6"]
[White "Guidobene, Davide"]
[Black "Maselli, Daniel"]
[Result "0-1"]
[WhiteElo "1972"]
[BlackElo "1936"]
[PlyCount "112"]
[EventDate "2018.07.21"]
[EventType "swiss"]
[EventRounds "9"]
[EventCountry "ITA"]
[SourceTitle "EXT 2023"]
[Source "ChessBase"]
[SourceDate "2022.10.05"]
[SourceVersion "1"]
[SourceVersionDate "2022.10.05"]
[SourceQuality "1"]

1. d4 d5 2. c4 e6 3. Nf3 Nf6 4. g3 Be7 5. Bg2 0-0 6. 0-0 b6 7. cxd5 exd5 8. Nc3 Bb7 9. Bf4 Na6 10. Rc1 Nh5 11. Bd2 c5 12. Qc2 Nf6 13. Rfd1 Nc7 14. Qf5 Bc8 15. Qb1 Bb7 16. dxc5 bxc5 17. Na4 Ne6 18. Ng5 Rc8 19. Be3 Nxg5 20. Bxg5 Qd6 21. Nc3 Qa6 22. e3 Qb6 23. Bxf6 Bxf6 24. Bxd5 Bxd5 25. Nxd5 Qxb2 26. Ne7+ Kh8 27. Nxc8 Qxb1 28. Rxb1 Rxc8 29. Rdc1 g6 30. Rc4 Rc7 31. g4 Kg7 32. Kg2 Be5 33. Rbc1 Bd6 34. h3 Kf6 35. Kf3 Ke5 36. Rd1 Be7 37. Rd5+ Kxd5 38. Rc2 c4 39. Ke2 c3 40. Kd3 Bb4 41. f4 f5 42. a4 a5 43. g5 Rc8 44. h4 Rc7 45. Re2 c2 46. Rxc2 Rxc2 47. Kxc2 Ke4 48. Kb3 Kxe3 49. Kc4 Kxf4 50. Kd5 Kg4 51. Ke6 f4 52. Kf7 Kxh4 53. Kf6 f3 54. Kg7 Kg4 55. Kg8 f2 56. Kxh7 f1Q 0-1

[Event "Helsingor Xtracon op"]
[Site "Helsingor"]
[Date "2017.07.28"]
[Round "8"]
[White "Vinter, Christoffer"]
[Black "Maselli, Daniel"]
[Result "0-1"]
[WhiteElo "1633"]
[BlackElo "1914"]
[PlyCount "80"]
[EventDate "2017.07.22"]
[EventType "swiss"]
[EventRounds "10"]
[EventCountry "DEN"]
[SourceTitle "CBM 179 Extra"]
[Source "ChessBase"]
[SourceDate "2017.08.23"]
[SourceVersion "1"]
[SourceVersionDate "2017.08.23"]
[SourceQuality "1"]

1. e4 c5 2. Nf3 d6 3. d4 cxd4 4. Nxd4 Nf6 5. Nc3 g6 6. Be3 Bg7 7. f3 0-0 8. Qd2 Nc6 9. 0-0-0 d5 10. Nxc6 bxc6 11. exd5 cxd5 12. Nxd5 Nxd5 13. Qxd5 Qc7 14. Qc5 Qb7 15. Qb5 Qxb5 16. Bxb5 Rb8 17. Bc4 Bxb2+ 18. Kd2 a5 19. Ke2 Rb4 20. Rb1 Bf5 21. Bb3 Bc3 22. a3 Rbb8 23. Rhd1 Rfd8 24. g4 Bd7 25. Rxd7 Rxd7 26. Bxf7+ Kxf7 27. Rxb8 Rc7 28. Bd2 Be5 29. Rb5 Bd6 30. Kd1 Rd7 31. Rd5 Ke6 32. Rd4 a4 33. Kc1 Bxh2 34. Rxd7 Kxd7 35. Bb4 Bf4+ 36. Kd1 h5 37. gxh5 gxh5 38. Be1 Bd6 39. Kc1 Bxa3+ 40. Kb1 Bc5 0-1

[Event "Helsingor Xtracon op"]
[Site "Helsingor"]
[Date "2017.07.23"]
[Round "3"]
[White "Maselli, Daniel"]
[Black "Wallin, Kenneth"]
[Result "1/2-1/2"]
[WhiteElo "1914"]
[BlackElo "1633"]
[PlyCount "67"]
[EventDate "2017.07.22"]
[EventType "swiss"]
[EventRounds "10"]
[EventCountry "DEN"]
[SourceTitle "CBM 179 Extra"]
[Source "ChessBase"]
[SourceDate "2017.08.23"]
[SourceVersion "1"]
[SourceVersionDate "2017.08.23"]
[SourceQuality "1"]

1. d4 d5 2. Nf3 Nf6 3. Bg5 Ne4 4. Bf4 c5 5. e3 Qb6 6. Qc1 e6 7. c3 Bd6 8. Bxd6 Nxd6 9. Bd3 Bd7 10. Nbd2 Bb5 11. Bxb5+ Qxb5 12. Qc2 Nd7 13. Nb3 c4 14. Nbd2 Nf6 15. 0-0 0-0 16. Rab1 Nfe4 17. Nxe4 Nxe4 18. Nd2 Nf6 19. e4 dxe4 20. Nxe4 Nxe4 21. Qxe4 Qd5 22. Qxd5 exd5 23. b3 cxb3 24. axb3 Rfc8 25. Rfc1 b5 26. Kf1 Kf8 27. Ke2 Ke7 28. Kd3 Kd6 29. c4 bxc4+ 30. bxc4 dxc4+ 31. Rxc4 Rxc4 32. Kxc4 Rc8+ 33. Kd3 Rc7 34. Rb2 1/2-1/2

[Event "Politiken Cup 37th"]
[Site "Helsingor"]
[Date "2015.07.29"]
[Round "6"]
[White "Nahnsen, Kenneth"]
[Black "Maselli, Daniel"]
[Result "1/2-1/2"]
[WhiteElo "1960"]
[BlackElo "1717"]
[PlyCount "74"]
[EventDate "2015.07.25"]
[EventType "swiss"]
[EventRounds "10"]
[EventCountry "DEN"]
[SourceTitle "CBM 167 Extra"]
[Source "ChessBase"]
[SourceDate "2015.09.14"]
[SourceVersion "1"]
[SourceVersionDate "2015.09.14"]
[SourceQuality "1"]

1. c3 f5 2. g3 Nf6 3. Bg2 e6 4. d3 d5 5. Bf4 Bd6 6. Nd2 c6 7. Bxd6 Qxd6 8. c4 0-0 9. Ngf3 Qb4 10. Qc2 Nbd7 11. a3 Qe7 12. d4 Ne4 13. 0-0 Ndf6 14. e3 Bd7 15. b4 Nxd2 16. Nxd2 Ne4 17. Nf3 Rfc8 18. Ne5 Nd6 19. Qb3 b5 20. c5 Nc4 21. Qc3 Qd8 22. f3 Nxe5 23. dxe5 a5 24. e4 Ra7 25. exf5 exf5 26. f4 Rca8 27. Rfe1 Be6 28. Qd4 Qd7 29. h3 Ra6 30. Bf3 Qa7 31. Rab1 axb4 32. axb4 Ra3 33. Kf2 Ra2+ 34. Re2 Rxe2+ 35. Bxe2 Qa2 36. Qb2 Qa4 37. Bd1 Qa2 1/2-1/2

[Event "Politiken Cup 37th"]
[Site "Helsingor"]
[Date "2015.07.26"]
[Round "2"]
[White "Hogeman, Joel"]
[Black "Maselli, Daniel"]
[Result "1-0"]
[WhiteElo "1946"]
[BlackElo "1717"]
[PlyCount "45"]
[EventDate "2015.07.25"]
[EventType "swiss"]
[EventRounds "10"]
[EventCountry "DEN"]
[SourceTitle "CBM 167 Extra"]
[Source "ChessBase"]
[SourceDate "2015.09.14"]
[SourceVersion "1"]
[SourceVersionDate "2015.09.14"]
[SourceQuality "1"]

1. d4 f5 2. g3 Nf6 3. Bg2 d5 4. Nf3 e6 5. 0-0 Bd6 6. c4 c6 7. Qc2 0-0 8. Nc3 Qe8 9. Rb1 Kh8 10. b4 h6 11. b5 Rg8 12. Qa4 g5 13. Ba3 Bxa3 14. Qxa3 f4 15. Ne5 h5 16. Qd6 Bd7 17. bxc6 Nxc6 18. cxd5 Nxd4 19. dxe6 Nxe6 20. Rxb7 Rc8 21. Nxd7 Nxd7 22. Rxd7 Rxc3 23. Re7 1-0

[Event "Politiken Cup 37th"]
[Site "Helsingor"]
[Date "2015.07.26"]
[Round "3"]
[White "Maselli, Daniel"]
[Black "Gaure, Sigurd Lauvas"]
[Result "1-0"]
[WhiteElo "1717"]
[BlackElo "1406"]
[PlyCount "41"]
[EventDate "2015.07.25"]
[EventType "swiss"]
[EventRounds "10"]
[EventCountry "DEN"]
[SourceTitle "CBM 167 Extra"]
[Source "ChessBase"]
[SourceDate "2015.09.14"]
[SourceVersion "1"]
[SourceVersionDate "2015.09.14"]
[SourceQuality "1"]

1. d4 Nf6 2. Nf3 d5 3. Bg5 h6 4. Bh4 Bg4 5. Nbd2 Nc6 6. e3 e5 7. dxe5 Nxe5 8. Be2 Nxf3+ 9. Bxf3 Bxf3 10. Qxf3 Be7 11. Qe2 0-0 12. 0-0-0 d4 13. Nb3 c5 14. exd4 cxd4 15. Rxd4 Qc7 16. Bg3 Qc6 17. Qxe7 Rac8 18. Qe2 Rfe8 19. Qd3 Qxg2 20. Rd1 Qc6 21. Rd6 1-0